000 00958cab a2200277 4500
001 WB3103-01
008 090401t1995 xxu||||| |||| 00| 0 eng d
035 _a(Sirsi) u70633
041 _aeng
245 _aWorkers gamble on site success
260 _c1995
350 _a0
490 _aConstruction News
_v(6398) 19 January 1995, 1(1)
520 _aContractors Stone and Webster, having developed a new contract in the USA, plan to introduce the Project Equity Account Trust Agreement to British projects, whereby employees have a financial interest in a scheme`s success.
650 _aBUILT ENVIRONMENT-BUILDING CONTRACT FORMS
650 _aPEAT
650 _aPRODUCTIVITY
650 _aPROJECT EQUITY ACCOUNT TRUST AGREEMENT
650 _aRISK-SHARING
650 _aSTONE AND WEBSTER
650 _aTRUST FUNDS
650 _aUNITED STATES
690 _aBUILT ENVIRONMENT-BUILDING CONTRACT FORMS
942 _n0
948 _c04/03/1997
999 _c44444
_d44444